| 000 | 00687nam a2200217 a 4500 | ||
|---|---|---|---|
| 005 | 20240213064453.0 | ||
| 008 | 050828s1984 mx r 000 0 spa d | ||
| 020 | _a968847116X | ||
| 035 | _aUPN01000139868 | ||
| 049 | _aCG | ||
| 050 | 4 |
_aPR5773 E8 _bG8.6a |
|
| 100 | 1 |
_aWells, Herbert George, _d1866-1946 _929468 |
|
| 245 | 1 | 3 |
_aLa guerra de los mundos / _cHerbert George Wells ; tr. Ramiro de Maeztu. |
| 260 |
_aMéxico : _bOrigen : _bSeix Barral, _c1984. |
||
| 300 | _a175 p. | ||
| 440 | 0 |
_aObras maestras del siglo XX ; _v47 |
|
| 534 |
_pTítulo original: _tThe war of the worlds |
||
| 650 | 4 |
_aNovela inglesa _94471 |
|
| 650 | 4 |
_aCiencia ficción _vNovela _96959 |
|
| 905 | _aLibro | ||
| 999 |
_c112016 _d112016 |
||